000
00333nam a2200145Ia 4500
008
230718s9999 xx 000 0 und d
041
_a
Eng.
082
_a
658
_b
GEN-F
100
_a
Genus Audley
245
0
_a
Flexible Strategy manage
260
_a
Pakistan
_b
Themen bastions
_c
1985
300
_a
178
650
_a
Law
999
_c
26687
_d
26687